000
00258nam a2200109Ia 4500
005
20251222144923.0
008
251222s9999||||xx |||||||||||||| ||spa||
082
_a
370.7/S31
245
0
_a
¿Parlare di Scienza o Fare Scienza?:
264
_b
SEED
942
_c
LIB
999
_c
22798
_d
22798